Catalog

Record Details

Catalog Search



I shall never fall in love  Cover Image Book Book

I shall never fall in love / Hari Conner.

Conner, Hari,: (author.:, illustrator.). HarperCollins (Firm),: (publisher.).

Summary:

George has major problems: They’ve just inherited the failing family estate, and the feelings for their best friend, Eleanor, have become more complicated than ever. Not to mention, if anyone found out they were secretly dressing in men’s clothes, George is sure it would be ruination for the family name. Eleanor has always wanted to do everything "right," including falling in love—but she’s never met a boy she was interested in. She’d much rather spend time with her best friend, George, and beloved cousin Charlotte. However, when a new suitor comes to town, she finds her closest friendships threatened, forcing her to rethink what "right" means and confront feelings she never knew she had.

Record details

  • ISBN: 9780358682387 (paperback)
  • ISBN: 035868238X (paperback)
  • ISBN: 9780358682394
  • ISBN: 0358682398
  • Physical Description: 264 pages : color illustrations ; 24 cm
  • Edition: First edition.
  • Publisher: New York, NY : HarperAlley, an imprint of HarperCollins Publishers, 2024
Subject: Nobility > Comic books, strips, etc.
Interpersonal relations > Comic books, strips, etc.
Transgender people > Comic books, strips, etc.
Great Britain > History > Regency, 1811-1820 > Comic books, strips, etc.
Genre: Young adult fiction.
Historical comics.
Transgender comics.
Romance comics.
Queer comics.

Available copies

  • 1 of 1 copy available at scottsboropl.

Holds

  • 0 current holds with 1 total copy.
Show All Copies
Location Call Number / Copy Notes Barcode Shelving Location Status Due Date
scottsboropl YA GN Con 32269001271579 Young Adult - Graphic Novel Available -

LDR 03358cam a2200625 i 4500
001165325
003SBPL
00520250211151553.0
008231018t20242024nyua d 6 000 1 eng d
010 . ‡a 2023944827
020 . ‡a9780358682387 (paperback)
020 . ‡a035868238X (paperback)
020 . ‡a9780358682394 ‡q(hardcover)
020 . ‡a0358682398 ‡q(hardcover)
035 . ‡a(OCoLC)1404055802 ‡z(OCoLC)1404055611
08204. ‡a741.5/941 ‡223
1001 . ‡aConner, Hari,: ‡eauthor.: ‡eillustrator.
24510. ‡aI shall never fall in love / ‡cHari Conner.
250 . ‡aFirst edition.
264 1. ‡aNew York, NY : ‡bHarperAlley, an imprint of HarperCollins Publishers, ‡c2024
300 . ‡a264 pages : ‡bcolor illustrations ; ‡c24 cm
336 . ‡atext ‡btxt ‡2rdacontent
336 . ‡astill image ‡bsti ‡2rdacontent
337 . ‡aunmediated ‡bn ‡2rdamedia
338 . ‡avolume ‡bnc ‡2rdacarrier
520 . ‡aGeorge has major problems: They’ve just inherited the failing family estate, and the feelings for their best friend, Eleanor, have become more complicated than ever. Not to mention, if anyone found out they were secretly dressing in men’s clothes, George is sure it would be ruination for the family name. Eleanor has always wanted to do everything "right," including falling in love—but she’s never met a boy she was interested in. She’d much rather spend time with her best friend, George, and beloved cousin Charlotte. However, when a new suitor comes to town, she finds her closest friendships threatened, forcing her to rethink what "right" means and confront feelings she never knew she had.
650 0. ‡aNobility ‡vComic books, strips, etc.
650 0. ‡aInterpersonal relations ‡vComic books, strips, etc.
650 0. ‡aTransgender people ‡vComic books, strips, etc.
651 0. ‡aGreat Britain ‡xHistory ‡yRegency, 1811-1820 ‡vComic books, strips, etc.
655 0. ‡aYoung adult fiction.
655 7. ‡aHistorical comics. ‡2lcgft
655 7. ‡aTransgender comics. ‡2lcgft
655 7. ‡aRomance comics. ‡2lcgft
655 7. ‡aQueer comics. ‡2lcgft
7102 . ‡aHarperCollins (Firm),: ‡epublisher.
901 . ‡a165325 ‡bAUTOGEN ‡c165325 ‡tbiblio

Additional Resources